Principles of metal casting (Record no. 184060)

000 -LEADER
fixed length control field 00393nam a2200133Ia 4500
008 - FIXED-LENGTH DATA ELEMENTS--GENERAL INFORMATION
fixed length control field 220217s9999||||xx |||||||||||||| ||und||
020 ## - INTERNATIONAL STANDARD BOOK NUMBER
International Standard Book Number 9780070993488
082 ## - DEWEY DECIMAL CLASSIFICATION NUMBER
Classification number 671.2 HEI
100 ## - MAIN ENTRY--PERSONAL NAME
Personal name Heine, Richard, W and others
245 #0 - TITLE STATEMENT
Title Principles of metal casting
260 ## - PUBLICATION, DISTRIBUTION, ETC.
Place of publication, distribution, etc. Tata mcgraw hill company Ltd
Name of publisher, distributor, etc. New Delhi
Date of publication, distribution, etc. 2011
300 ## - PHYSICAL DESCRIPTION
Extent IX, 434p.
Other physical details 460
650 ## - SUBJECT ADDED ENTRY--TOPICAL TERM
Topical term or geographic name entry element Production Technology
Holdings
Withdrawn status Lost status Damaged status Not for loan Home library Current library Shelving location Date acquired Full call number Barcode Date last seen Price effective from Koha item type
        Central Library Central Library Reference 02/18/2022 671.2 HEI 19249 02/18/2022 02/18/2022 Books

Powered by Koha